000 00335nam a2200133Ia 4500
008 210210b1974 xxu||||| |||| 00| 0 eng d
082 _a827 NEWL
100 _aNEWTON (Charles).
245 _aLaugh your blues away.
260 _aAllahabad
_bBetter yourself books
_c1974
300 _a72
690 _aEnglish Humor
906 _aSG01469
999 _c112924
_d112924